Vývoj nadnárodnej úpravy účtovníctva a jej vplyv na súčasný stav účtovníctva podnikateľov v Slovenskej republike diplomová práca

Na minha lista:
Detalhes bibliográficos
Autor principal: Bachoríková, Veronika
Autor Corporativo: Fakulta hospodárskej informatiky EU. Katedra účtovníctva a audítorstva
Outros Autores: Mokošová, Daša, 1979-
Formato: Livro
Idioma:eslovaco
Publicado em: Bratislava 2010
Tags: Adicionar Tag
Sem tags, seja o primeiro a adicionar uma tag!

MARC

LEADER 00000nam$a2200000$$$4500
001 0118659
005 20240318123906.7
041 0 |a slo 
044 |a SK 
245 1 0 |a Vývoj nadnárodnej úpravy účtovníctva a jej vplyv na súčasný stav účtovníctva podnikateľov v Slovenskej republike  |b diplomová práca  |c Veronika Bachoríková ; škol. Daša Mokošová 
264 1 |a Bratislava  |c 2010 
300 |a 65 s. 
100 1 |a Bachoríková, Veronika 
700 1 |a Mokošová, Daša, 1979- 
710 2 |a Fakulta hospodárskej informatiky EU. Katedra účtovníctva a audítorstva